| 000 | 00588nam a2200217Ia 4500 | ||
|---|---|---|---|
| 005 | 20240424150723.0 | ||
| 008 | 131103s9999 xx 000 0 und d | ||
| 020 |
_a81 86804 72 2 _cRs..150.00 |
||
| 040 | _aLoreto College | ||
| 041 | _aEnglish | ||
| 082 |
_a371.3 _bDAS |
||
| 100 | _aDash, Biranchi Narayan | ||
| 245 |
_aSchool Organisation Administration and Management _cBiranchi Narayan Dash |
||
| 250 | _a1st ed. | ||
| 260 |
_aHyderabad _bNeelkamal _c2003 |
||
| 300 | _axvi,404p. | ||
| 650 | _aEducation | ||
| 651 | _aSchool organisation | ||
| 850 | _aLCBED | ||
| 942 | _cBK | ||
| 999 |
_c27332 _d77811 |
||